000 01016nam a22002777a 4500
001 447
003 FISKH
005 20250820082620.0
008 230421b cb ||||| |||| 00| 0 eng d
020 _a9789814281201
040 _aFISKH
_beng
_cFISKH
_dFISKH
050 _aPZ7
082 _a398.20943
100 _aSmith, Annette
_d(1959-)
245 _aThe animal band /
_cRetold by Annette Smith ; Illustrated by Rachel Tonkin
260 _aVictoria :
_bPM Traditional Tales and Plays,
_c1998
300 _a32 pages :
_bcolor illustrations ;
_c21 cm
490 _aTales & Play
505 _aH
520 _aThe Brothers Grimm collected this German folk story (sometimes called 'The Bremen Town Musicians') in the early 1800s. Bremen has a statue of the four resouceful animals. Set in a German forest near Bremen in the 18th century.
521 8 _a510
_bLexile
521 8 _aH
_bRaz-Plus
650 _aAnimals
_vFairy Tales
_xFolktale
700 _aTonkin, Rachel
_eillustrator
942 _2ddc
_cBK
_n0
999 _c447
_d447